Internet fácil /
Guardado en:
| Autor Principal: | |
|---|---|
| Formato: | Libro |
| Publicado: |
México :
Prentice-hall Hispanoaméricana,
1994
|
| Materias: | |
| Etiquetas: |
Agregar Etiqueta
Sin Etiquetas, Sea el primero en etiquetar este registro!
|
| LEADER | 01638nam a22002055a 4500 | ||
|---|---|---|---|
| 001 | CEM.cems009003 | ||
| 005 | 20090526122442.0 | ||
| 008 | 130507s1994##################000#0#####d | ||
| 003 | CEMS | ||
| 020 | |a 9688804703 | ||
| 082 | 0 | 4 | |a 001.64404 |
| 100 | 1 | |a Kent, Peter | |
| 245 | 1 | 0 | |a Internet fácil / |c Peter Kent ; traducción de Raúl Bautista Gutiérrez |
| 260 | |a México : |b Prentice-hall Hispanoaméricana, |c 1994 | ||
| 300 | |a 387 p. | ||
| 505 | 0 | |a Qué es esto que llaman Internet? -- Desea conectarse ...gratis? -- Cuando hay que pagar, elija su proovedor -- Hablemos de cuestiones materiales: que se necesita para poder empezar -- Información sobre la conexión directa por conmutación telefónica -- Su primer viaje a Internet -- Menús y shells, iválgame -- Guía para sobrevivir en UNIX -- Correo electrónico -- Correo UNIX: la médula de este asunto -- Más sobre el correo -- Devuélvase al remitente: dirección desconocida -- Cómo encontrar amigos con ayuda de Fred y Whois -- Grupos de noticias: la fuente de toda la sabiduría -- Más sobre grupos de noticias y LISTSERV -- TELNET: invítese a otros sistemas -- Cómo conseguir amigos: descarga de archivos mediante FTP -- Más sobre FTP -- Archie, el buscador de archivos -- Cómo buscar a través de Internet mediante Gopher -- Cómo utilizar WAIS -- Piense en términos globales: la Red Mundial WWW -- Qué hacer y a dónde ir -- Proovedores de servicios y redes gratuitas (Free-Nets) -- Servidores Whois -- Algo acerca del software | |
| 653 | |a Computación | ||
| 653 | |a E-mail | ||
| 653 | |a Internet | ||
| 859 | |a CEMS |b BIB. CEMS - 11 de abril |h 001.64404 |i K418 |p 18637.95 |t Ej.1 | ||
